SMCHS Historical Files - Kent County (Record no. 3510)

MARC details
000 -LEADER
fixed length control field 00476nam a2200109Ia 4500
003 - CONTROL NUMBER IDENTIFIER
control field SMCHS
008 - FIXED-LENGTH DATA ELEMENTS--GENERAL INFORMATION
fixed length control field 240712s9999 xx 000 0 und d
040 ## - CATALOGING SOURCE
Transcribing agency SMCHS
245 #0 - TITLE STATEMENT
Title SMCHS Historical Files - Kent County
300 ## - PHYSICAL DESCRIPTION
Extent One or more file folders with loose papers related to the title topic. The folder(s) may contain book, newspaper and/or magazine excerpts, photos, phamplets, letters, etc. Folders can be viewed in person at Tudor Hall with staff assistance.
942 ## - ADDED ENTRY ELEMENTS (KOHA)
Koha item type File Folder
Holdings
Withdrawn status Lost status Damaged status Not for loan Home library Current library Shelving location Date acquired Total checkouts Full call number Date last seen Price effective from Koha item type
        SMCHS - Tudor Hall SMCHS - Tudor Hall Staff Room - Vertical Files 07/12/2024   Historical Files - E7-1 07/12/2024 07/12/2024 File Folder

St. Mary's County Historical Society, 41680 Tudor Hall Place, Leonardtown, Maryland 20650

info@stmaryshistory.org        (301) 475-2467